|
|
|
|
| LEADER |
00000nam0a2200000 4500 |
| 001 |
331627 |
| 005 |
20231102004357.0 |
| 035 |
|
|
|a (RuTPU)RU\TPU\book\357479
|
| 090 |
|
|
|a 331627
|
| 100 |
|
|
|a 20170428d1978 km y0rusy50 ca
|
| 101 |
0 |
|
|a rus
|
| 102 |
|
|
|a RU
|
| 105 |
|
|
|a a z 001zy
|
| 200 |
1 |
|
|a Методы разбиения схем РЭА на конструктивно законченные части
|f под ред. К. К. Морозова
|
| 210 |
|
|
|a Москва
|c Советское радио
|d 1978
|
| 215 |
|
|
|a 134 с.
|c ил.
|
| 225 |
1 |
|
|a Библиотека радиоконструктора
|
| 320 |
|
|
|a Библиогр.: с. 131-133
|
| 606 |
1 |
|
|a Радиоэлектронная аппаратура
|x Проектирование
|x Математические методы
|2 stltpush
|3 (RuTPU)RU\TPU\subj\23402
|9 48007
|
| 610 |
1 |
|
|a электрические схемы
|
| 610 |
1 |
|
|a разбиения
|
| 610 |
1 |
|
|a графы
|
| 610 |
1 |
|
|a интерационные методы
|
| 610 |
1 |
|
|a ветви
|
| 610 |
1 |
|
|a границы
|
| 610 |
1 |
|
|a алгоритмы
|
| 610 |
1 |
|
|a методы
|
| 675 |
|
|
|a 621.396.6.001.66
|v 4
|
| 702 |
|
1 |
|a Морозов
|b К. К.
|4 340
|
| 801 |
|
1 |
|a RU
|b 63413507
|c 20170428
|
| 801 |
|
2 |
|a RU
|b 63413507
|c 20170502
|g RCR
|
| 942 |
|
|
|c BK
|